000 00390nam a2200193Ia 4500
001 13880
003 GE_BSU
008 181216s||||||||xx |||||||||||||| ||und||
020 _a0906320496
040 _cGE_BSU
080 _a94
245 _aEscape stories.
260 _aLondon.
260 _c1980
300 _a349p;22cm.
300 _bill.
653 _aEscape stories.
942 _cBK
999 _c47024
_d47024